Central Library OPAC University of Rajshahi

রঙিলা নায়ের মাঝি / (Record no. 44714)

MARC details
000 -LEADER
fixed length control field 00745nam a2200229 a 4500
001 - CONTROL NUMBER
control field 44714
003 - CONTROL NUMBER IDENTIFIER
rucl marc code BD-RjUL
005 - DATE AND TIME OF LATEST TRANSACTION
control field 20211209053914.0
008 - FIXED-LENGTH DATA ELEMENTS--GENERAL INFORMATION
fixed length control field 160720s1967 bg ||||| |||| 00| 0 ben d
035 ## - SYSTEM CONTROL NUMBER
System control number (BD-RjUL)44832
040 ## - CATALOGING SOURCE
Original cataloging agency BD-RjUL
Language of cataloging ben
Transcribing agency BD-RjUL
041 ## - LANGUAGE CODE
Language code of text/sound track or separate title ben
082 ## - DEWEY DECIMAL CLASSIFICATION NUMBER
Edition number 23
Classification number B 891.441
Author mark and year UDR 1967
100 ## - MAIN ENTRY--PERSONAL NAME
Personal name উদদীন, জসীম
9 (RLIN) 137105
245 ## - TITLE STATEMENT
Title রঙিলা নায়ের মাঝি /
Statement of responsibility, etc. জসীম উদদীন.
250 ## - EDITION STATEMENT
Edition statement ৭ম সং
260 ## - PUBLICATION, DISTRIBUTION, ETC. (IMPRINT)
Place of publication, distribution, etc. ঢাকা :
Name of publisher, distributor, etc. পলাস প্রকাশনী,
Date of publication, distribution, etc. ১৯৬৭.
300 ## - PHYSICAL DESCRIPTION
Pagination ৬৪ পৃ. ;
Size ২০ সেমি.
650 ## - SUBJECT ADDED ENTRY--TOPICAL TERM
Topical term or geographic name as entry element বাংলা কবিতা
9 (RLIN) 137106
Topical term or geographic name as entry element Bengali Poetry
9 (RLIN) 137107
942 ## - ADDED ENTRY ELEMENTS (KOHA)
Source of classification or shelving scheme Dewey Decimal Classification
Koha item type Books
Holdings
Lost status Source of classification or shelving scheme Damaged status Not for loan Collection code Permanent Location Current Location Shelving location Date acquired Source of acquisition Cost, normal purchase price Total Checkouts Full call number Date last seen Copy number Koha item type
  Dewey Decimal Classification     Non-fiction Central Library, University of Rajshahi Central Library, University of Rajshahi   03/07/1968 Nowroz Kitabistan, Dhaka 1.50   B 891.441 UDR 1967 20/07/2016 C-2 Books